| 000 | 00436nam a2200157 i 4500 | ||
|---|---|---|---|
| 001 | bg | ||
| 100 | 1 | _aBILICKI, Zbigniew | |
| 245 | 0 |
_aWnioski z równań zachowania w adiabatycznym przepływie pierścieniowo-mgłowym / _cZ. Bilicki, J. Mikielewicz. |
|
| 260 |
_aGdańsk, _c1984. |
||
| 700 | 1 | _aMIKIELEWICZ, Jarosław | |
| 040 | _cBPK | ||
| 041 | _apol | ||
| 080 | _a532 | ||
| 942 | _cKS | ||
| 008 | s pl f |000 0 pol | ||
| 999 |
_c27997 _d27997 |
||
| 856 |
_uhttp://koha.tu.koszalin.pl/cgi-bin/koha/opac-detail.pl?biblionumber=27997 _yKatalog online BPK |
||